000 00285nam a22001337a 4500
008 181105b xxu||||| |||| 00| 0 eng d
020 _a9780134369648
041 _aeng
080 _a371
100 _a46
101 _aEDU
245 _aWriting and Grammar
_cCopper
942 _2udc
_cBK
999 _c51880
_d51880